Countries with the Most French Speakers - Statistics

General Stats
  • This quiz has been taken 183 times
  • The average score is 23 of 31
Answer Stats
French Speakers Country % Correct
63,958,684 France
100%
11,060,585 Canada
93%
14,903,789 Algeria
92%
8,814,948 Belgium
92%
2,179,246 United States
90%
72,110,821 Democratic Republic of the Congo
89%
13,456,845 Morocco
88%
3,362,988 Niger
86%
12,242,129 Germany
85%
5,889,496 Switzerland
85%
11,796,508 Italy
84%
5,471,670 Spain
84%
11,281,136 United Kingdom
84%
3,518,464 Republic of the Congo
82%
4,640,365 Senegal
82%
3,702,660 Mali
81%
6,321,391 Tunisia
80%
9,324,605 Ivory Coast
74%
11,490,652 Cameroon
69%
2,249,023 Chad
69%
3,776,680 Guinea
69%
2,546,977 Portugal
67%
3,306,754 Netherlands
63%
3,554,266 Togo
63%
4,306,099 Benin
62%
5,403,610 Burkina Faso
56%
4,906,073 Haiti
53%
7,729,277 Madagascar
47%
3,204,706 Egypt
42%
2,539,554 Lebanon
41%
2,281,829 Romania
27%
No matching quizzes found
Score Distribution
Percent of People with Each Score
Percentile by Number Answered
Your Score History
You have not taken this quiz